[Event "2nd Norway Blitz 2014"]
[Site "Flor & Fjaere NOR"]
[Date "2014.06.02"]
[Round "1.1"]
[White "Agdestein, Simen"]
[Black "Kramnik, Vladimir"]
[Result "0-1"]
[WhiteElo "2628"]
[BlackElo "2783"]
[EventDate "2014.06.02"]

1. d4 d6 2. e4 Nf6 3. Nc3 g6 4. g3 Bg7 5. Bg2 O-O 6. Nge2 Na6 7. O-O c5 8.
a4 cxd4 9. Nxd4 Bd7 10. Nd5 Nc5 11. Nxf6+ Bxf6 12. c3 a6 13. Bh6 Re8 14. b3
Rc8 15. Qd2 e5 16. Nc2 Nxb3 17. Qxd6 Nxa1 18. Rxa1 Be6 19. Qb4 Qd3 20. Ne3
Qxc3 21. Qb1 Bg7 22. Bxg7 Kxg7 23. h4 b5 24. axb5 axb5 25. Nd5 Qd4 26. Ra5
Qd2 27. Qxb5 Rc1+ 28. Bf1 Bh3 29. Ne3 Bxf1 30. Nxf1 Qe1 31. Ra4 0-1

[Event "2nd Norway Blitz 2014"]
[Site "Flor & Fjaere NOR"]
[Date "2014.06.02"]
[Round "1.2"]
[White "Topalov, Veselin"]
[Black "Carlsen, Magnus"]
[Result "0-1"]
[WhiteElo "2772"]
[BlackElo "2881"]
[EventDate "2014.06.02"]

1. e4 e5 2. Nf3 Nc6 3. g3 Nf6 4. d3 Bc5 5. Bg2 d6 6. c3 O-O 7. O-O a6 8.
Re1 Ba7 9. Na3 Ne7 10. Nc2 Ng6 11. h3 Re8 12. Be3 c6 13. Bxa7 Rxa7 14. Ne3
d5 15. Qc2 Be6 16. Rad1 Ra8 17. Ng5 d4 18. Nxe6 Rxe6 19. Nf5 c5 20. h4 Nf8
21. Bh3 Rc6 22. f4 exf4 23. gxf4 Nh5 24. Rf1 Ng6 25. Qh2 Nxh4 26. Nxh4 Qxh4
27. Bf5 Qg3+ 28. Qg2 Rd8 29. Rf3 Qxg2+ 30. Kxg2 g6 31. Bg4 Nf6 32. Bh3 dxc3
33. bxc3 Nxe4 34. Rc1 Nf6 35. Re3 Rcd6 0-1

[Event "2nd Norway Blitz 2014"]
[Site "Flor & Fjaere NOR"]
[Date "2014.06.02"]
[Round "1.3"]
[White "Giri, Anish"]
[Black "Karjakin, Sergey"]
[Result "1-0"]
[WhiteElo "2752"]
[BlackElo "2771"]
[EventDate "2014.06.02"]

1. e4 e5 2. Nf3 Nc6 3. Bb5 a6 4. Ba4 Nf6 5. O-O Be7 6. Re1 b5 7. Bb3 d6 8.
c3 O-O 9. h3 Nb8 10. d4 Nbd7 11. Nbd2 Bb7 12. Bc2 Re8 13. Nf1 Bf8 14. Ng3
g6 15. a4 c5 16. d5 c4 17. Bg5 h6 18. Be3 h5 19. Qd2 Nc5 20. Bxc5 dxc5 21.
Qe3 Rb8 22. Nf1 Bc8 23. N1d2 Bd7 24. axb5 axb5 25. Ra6 Rb6 26. Ra7 Qb8 27.
Rea1 Qd6 28. Bd1 Bg7 29. Be2 Reb8 30. Bxc4 bxc4 31. Nxc4 Qe7 32. Nxb6 Rxb6
33. b4 Bf8 34. R7a5 Bb5 35. bxc5 Qxc5 36. Qxc5 Bxc5 37. c4 Nxe4 38. Rxb5
Bxf2+ 39. Kf1 Rf6 40. Rb8+ Kg7 41. Raa8 Rf4 42. d6 Bh4 43. Rg8+ Kh7 44.
Rh8+ Kg7 45. Rag8+ Kf6 46. d7 Ke6 47. d8=Q Bxd8 48. Rxd8 Nf6 49. Ke2 Rxc4
50. Rc8 Rb4 51. Rc6+ Kf5 52. Rf8 Rb2+ 53. Kf1 Rb7 54. Nh4+ Kg5 55. Nf3+ Kf5
56. Rc5 Ne4 57. Rxe5+ Kf4 58. Rfe8 Rb1+ 59. Ne1 Ng3+ 60. Kg1 f5 61. Re3 Ne4
62. Rf3+ Kg5 63. Rf1 Rb2 64. Nf3+ Kf4 65. Nd2+ 1-0

[Event "2nd Norway Blitz 2014"]
[Site "Flor & Fjaere NOR"]
[Date "2014.06.02"]
[Round "1.4"]
[White "Grischuk, Alexander"]
[Black "Caruana, Fabiano"]
[Result "1-0"]
[WhiteElo "2792"]
[BlackElo "2791"]
[EventDate "2014.06.02"]

1. c4 Nf6 2. Nc3 c5 3. g3 g6 4. Bg2 Bg7 5. e3 O-O 6. Nge2 d6 7. O-O Nc6 8.
d4 Bd7 9. b3 Rb8 10. Bb2 a6 11. Rc1 e6 12. Qd2 Qe7 13. Rfd1 Rfd8 14. h3 Be8
15. d5 exd5 16. Nxd5 Nxd5 17. Bxd5 Bxb2 18. Qxb2 Ne5 19. Nc3 Bc6 20. Qe2
Nd7 21. Qf3 Rbc8 22. Ne4 Ne5 23. Qf6 Qxf6 24. Nxf6+ Kf8 25. Nxh7+ Ke7 26.
Ng5 b5 27. f4 Bxd5 28. Rxd5 Nc6 29. Ne4 Nb4 30. Rd2 bxc4 31. bxc4 a5 32.
Rcd1 Rc6 33. Nc3 Ke6 34. Kg2 Na6 35. g4 Nc7 36. a4 Rb6 37. Nb5 Nxb5 38.
axb5 a4 39. Ra2 Ra8 40. e4 a3 41. Rd3 Ra4 42. Rc3 f5 43. exf5+ gxf5 44.
Raxa3 Rb4 45. Re3+ Kf6 46. g5+ 1-0

[Event "2nd Norway Blitz 2014"]
[Site "Flor & Fjaere NOR"]
[Date "2014.06.02"]
[Round "1.5"]
[White "Aronian, Levon"]
[Black "Svidler, Peter"]
[Result "1-0"]
[WhiteElo "2815"]
[BlackElo "2753"]
[EventDate "2014.06.02"]

1. Nf3 c5 2. c4 Nc6 3. Nc3 Nf6 4. g3 d5 5. cxd5 Nxd5 6. Bg2 Nc7 7. O-O e5
8. b3 Be7 9. Bb2 O-O 10. Rc1 f6 11. Ne1 Bd7 12. Nd3 Rc8 13. f4 exf4 14.
Nxf4 Be8 15. e3 Bf7 16. Qe2 Re8 17. Ne4 Nb4 18. a3 Nba6 19. Nh5 Nd5 20. g4
Rc6 21. g5 Bxh5 22. Qxh5 g6 23. Qf3 f5 24. Ng3 Nac7 25. Nxf5 gxf5 26. Qxf5
Rf8 27. Qe5 Nf6 28. Bxc6 1-0

[Event "2nd Norway Blitz 2014"]
[Site "Flor & Fjaere NOR"]
[Date "2014.06.02"]
[Round "2.1"]
[White "Karjakin, Sergey"]
[Black "Grischuk, Alexander"]
[Result "0-1"]
[WhiteElo "2771"]
[BlackElo "2792"]
[EventDate "2014.06.02"]

1. Nf3 c5 2. e4 d6 3. Bb5+ Nd7 4. O-O a6 5. Bd3 Ngf6 6. c3 b5 7. Bc2 Bb7 8.
Re1 Rc8 9. a4 e5 10. axb5 axb5 11. d4 Be7 12. d5 Ra8 13. Rxa8 Qxa8 14. Na3
Ba6 15. Nh4 g6 16. Bh6 Bf8 17. Qd2 Bxh6 18. Qxh6 b4 19. Nb1 Ke7 20. Nd2
bxc3 21. bxc3 Rb8 22. h3 Rb2 23. Ba4 Bb5 24. Bxb5 Rxb5 25. Nhf3 Qa2 26. Qe3
c4 27. Rc1 Rb2 28. Qe1 Rc2 29. Ra1 Qb2 30. Nxc4 Qxc3 31. Qxc3 Rxc3 32. Ncd2
h6 33. g3 Nc5 34. Re1 Rc2 35. g4 Ra2 36. Re3 g5 37. Kf1 Ra4 38. Rc3 Nfxe4
39. Nxe4 Rxe4 40. Rc1 f5 41. gxf5 Kf6 42. Nh2 h5 43. Kg2 Kxf5 44. Nf1 Rd4
45. Ne3+ Kf6 46. Ra1 Ne4 47. Ra6 g4 48. hxg4 hxg4 49. Nxg4+ Kg5 50. Ne3 Kf4
51. Ra8 Nc3 52. Rg8 Ke4 53. Rg4+ Kd3 54. Rg6 Nxd5 55. Nxd5 Rxd5 56. Kf1 Kd2
57. Rg3 Rd3 58. Rg8 e4 59. Ra8 d5 60. Ra2+ Kc3 61. Ke2 Kd4 62. Ra4+ Ke5 63.
Ra8 Rb3 64. Ra7 Rb2+ 65. Ke1 d4 66. Re7+ Kd5 67. Kf1 d3 68. Ke1 Re2+ 69.
Kf1 Kd4 70. Rd7+ Kc3 71. Rc7+ Kd2 72. Ra7 Re1+ 73. Kg2 Ke2 0-1

[Event "2nd Norway Blitz 2014"]
[Site "Flor & Fjaere NOR"]
[Date "2014.06.02"]
[Round "2.2"]
[White "Caruana, Fabiano"]
[Black "Aronian, Levon"]
[Result "1/2-1/2"]
[WhiteElo "2791"]
[BlackElo "2815"]
[EventDate "2014.06.02"]

1. e4 e5 2. Nf3 Nc6 3. Bb5 Nf6 4. d3 Bc5 5. c3 O-O 6. O-O Re8 7. Nbd2 a6 8.
Ba4 b5 9. Bc2 d5 10. h3 dxe4 11. dxe4 h6 12. b4 Bb6 13. a4 Rb8 14. Re1 Nh5
15. Nf1 Nf4 16. Qxd8 Rxd8 17. Be3 Be6 18. Bxb6 cxb6 19. Ne3 f6 20. h4 bxa4
21. Bxa4 Ne7 22. g3 Nd3 23. Red1 Rbc8 24. Bc2 Rxc3 25. Rxa6 Bg4 26. Bxd3
Rdxd3 27. Rxd3 Rxd3 28. Nxg4 Rxf3 29. Ne3 f5 30. exf5 Nxf5 31. Nxf5 Rxf5
32. Rxb6 Rf3 33. Kg2 Rb3 34. h5 e4 35. g4 Kf7 36. b5 Ke7 37. Rb8 Kf6 38.
Rb7 e3 39. fxe3 Rxe3 40. b6 Rb3 41. Kf2 g6 42. hxg6 Kxg6 43. Rb8 Kg7 44.
Ke2 Rb4 45. Kf3 Kf7 46. Kg3 Kg7 47. Kh4 Kh7 48. Rb7+ Kg6 49. Rb8 Rb3 50.
Rb7 Kf6 51. Rh7 Kg6 52. Rb7 Kf6 53. Rb8 Ke5 1/2-1/2

[Event "2nd Norway Blitz 2014"]
[Site "Flor & Fjaere NOR"]
[Date "2014.06.02"]
[Round "2.3"]
[White "Agdestein, Simen"]
[Black "Topalov, Veselin"]
[Result "1-0"]
[WhiteElo "2628"]
[BlackElo "2772"]
[EventDate "2014.06.02"]

1. d4 Nf6 2. c4 g6 3. Nc3 Bg7 4. e4 d6 5. Bd3 O-O 6. Nge2 c5 7. d5 e6 8.
O-O Ng4 9. dxe6 fxe6 10. f4 Nc6 11. h3 Nf6 12. Be3 a6 13. Qd2 e5 14. f5 Nd4
15. Bg5 Qe8 16. Bxf6 Bxf6 17. Nd5 gxf5 18. exf5 e4 19. Nxf6+ Rxf6 20. Qg5+
Kf7 21. Nxd4 cxd4 22. Qh5+ Kf8 23. Qxe8+ Kxe8 24. Bxe4 Bd7 25. Rad1 Rc8 26.
Rxd4 b5 27. cxb5 axb5 28. g4 h6 29. Re1 Kd8 30. Bd3 Rc5 31. Kf2 Bc6 32. Kg3
Kd7 33. Kf4 Rf8 34. h4 1-0

[Event "2nd Norway Blitz 2014"]
[Site "Flor & Fjaere NOR"]
[Date "2014.06.02"]
[Round "2.4"]
[White "Carlsen, Magnus"]
[Black "Giri, Anish"]
[Result "1-0"]
[WhiteElo "2881"]
[BlackElo "2752"]
[EventDate "2014.06.02"]

1. d4 Nf6 2. c4 g6 3. Nc3 d5 4. Nf3 Bg7 5. Qb3 dxc4 6. Qxc4 O-O 7. e4 a6 8.
Be2 b5 9. Qd3 c5 10. dxc5 Bb7 11. Be3 b4 12. Na4 Nxe4 13. Qc2 Bc6 14. Nb6
Ra7 15. O-O Nd7 16. Rfd1 Qe8 17. Rac1 e5 18. Nc4 Rc7 19. Nd6 Qa8 20. Qb3
Nxd6 21. cxd6 Rcc8 22. Qxb4 Rb8 23. Qa3 Bxf3 24. gxf3 e4 25. Bd4 Bxd4 26.
Rxd4 exf3 27. Bxf3 Qa7 28. Rdd1 Rfc8 29. Rxc8+ Rxc8 30. Re1 Qd4 31. Kg2 Rc5
32. Re4 Qxd6 33. Qe3 Nf6 34. Rd4 Qc7 35. b4 Rc2 36. a4 Kg7 37. h3 h5 38. b5
axb5 39. axb5 Qc5 40. Bc6 Rc3 41. Rd3 Qxe3 42. Rxe3 Rc2 43. Rb3 g5 44. Ba8
Rc8 45. Bc6 g4 46. hxg4 hxg4 47. Kf1 Kf8 48. Bg2 Nd7 49. b6 Ke7 50. b7 Rb8
51. Ke2 Kd6 52. Ke3 Nc5 53. Rb6+ Ke5 54. Rb5 Kd6 55. Kf4 Nd3+ 56. Kg3 Ne5
57. Rd5+ Ke6 58. Ra5 Kd6 59. Be4 f6 60. Kf4 Ke6 61. Ra8 Nd7 62. Bf5+ Kd6
63. Bxd7 Kd5 1-0

[Event "2nd Norway Blitz 2014"]
[Site "Flor & Fjaere NOR"]
[Date "2014.06.02"]
[Round "3.1"]
[White "Grischuk, Alexander"]
[Black "Carlsen, Magnus"]
[Result "1/2-1/2"]
[WhiteElo "2792"]
[BlackElo "2881"]
[EventDate "2014.06.02"]

1. d4 Nf6 2. c4 e6 3. Nf3 d5 4. Nc3 Nbd7 5. Bf4 Bb4 6. cxd5 exd5 7. e3 Ne4
8. Qc2 g5 9. Be5 Nxe5 10. Nxe5 Bxc3+ 11. bxc3 f6 12. Nf3 Bf5 13. Bd3 Qd7
14. O-O Nd6 15. Nd2 O-O-O 16. c4 Bxd3 17. Qxd3 dxc4 18. Nxc4 Nxc4 19. Qxc4
Rhe8 20. Rab1 Re6 21. Rb5 Rc6 22. Qb3 Rb6 23. a4 Kb8 24. Rc1 f5 25. Rcc5
Rxb5 26. axb5 b6 27. Re5 h6 28. h3 f4 29. Qc2 fxe3 30. fxe3 Re8 31. Qe4
Rxe5 32. Qxe5 a5 33. bxa6 Ka7 34. d5 Kxa6 35. e4 Qd6 36. Qd4 Kb5 37. Qd3+
Kb4 38. Qd4+ Kb5 39. Qd3+ Kb4 40. Qd4+ Kb5 1/2-1/2

[Event "2nd Norway Blitz 2014"]
[Site "Flor & Fjaere NOR"]
[Date "2014.06.02"]
[Round "3.2"]
[White "Svidler, Peter"]
[Black "Caruana, Fabiano"]
[Result "1-0"]
[WhiteElo "2753"]
[BlackElo "2791"]
[EventDate "2014.06.02"]

1. Nf3 c5 2. c4 Nc6 3. b3 e5 4. Bb2 d6 5. e3 f5 6. Nc3 Nf6 7. d4 cxd4 8.
exd4 e4 9. d5 exf3 10. dxc6 Qe7+ 11. Kd2 bxc6 12. Qxf3 Ne4+ 13. Kc2 Be6 14.
Nxe4 fxe4 15. Qxe4 d5 16. Qe5 Qf7 17. cxd5 cxd5 18. Re1 Rc8+ 19. Kb1 Qg6+
20. Ka1 Kf7 21. Bd3 Qh6 22. Bf5 Rc6 23. Bxe6+ Rxe6 24. Qf5+ Ke7 25. Qxd5
1-0

[Event "2nd Norway Blitz 2014"]
[Site "Flor & Fjaere NOR"]
[Date "2014.06.02"]
[Round "3.3"]
[White "Aronian, Levon"]
[Black "Karjakin, Sergey"]
[Result "0-1"]
[WhiteElo "2815"]
[BlackElo "2771"]
[EventDate "2014.06.02"]

1. d4 d5 2. c4 c6 3. cxd5 cxd5 4. Bf4 Nc6 5. e3 Nf6 6. Nc3 a6 7. Bd3 Bg4 8.
Nge2 e6 9. O-O Bh5 10. Rc1 Be7 11. Na4 Nd7 12. a3 O-O 13. Rc3 Bg6 14. Bxg6
hxg6 15. Qc2 Re8 16. Rc1 Bf8 17. Bg3 Qg5 18. Nf4 Nf6 19. Qb3 Ne4 20. R3c2
Na5 21. Qd3 b5 22. Nb6 Ra7 23. Rc8 Rxc8 24. Rxc8 Nc4 25. Nxc4 bxc4 26. Qc2
Qf5 27. Qd1 e5 28. Rxf8+ Kxf8 29. dxe5 Nxg3 30. hxg3 Qxe5 31. Qf3 Qe4 32.
Qg4 Qb1+ 33. Kh2 Qf5 34. Qh4 f6 35. Qh8+ Kf7 36. f3 Re7 37. g4 Qe5 38. Kh3
Qxe3 39. Nxd5 Qe1 40. Qd8 Qh1+ 41. Kg3 Qe1+ 42. Kh3 Re8 43. Qd7+ Kg8 44.
Nf4 g5 45. Qd5+ Kh8 46. Ng6+ Kh7 47. Qf5 Kh6 48. Kh2 Qe6 49. Qc2 Qf7 50.
Nh4 gxh4 0-1

[Event "2nd Norway Blitz 2014"]
[Site "Flor & Fjaere NOR"]
[Date "2014.06.02"]
[Round "3.4"]
[White "Giri, Anish"]
[Black "Agdestein, Simen"]
[Result "1-0"]
[WhiteElo "2752"]
[BlackElo "2628"]
[EventDate "2014.06.02"]

1. e4 c5 2. Nf3 e6 3. g3 d5 4. exd5 exd5 5. d4 Nc6 6. Bg2 Bd6 7. O-O Nge7
8. dxc5 Bxc5 9. Nbd2 O-O 10. Nb3 Bb6 11. c3 Bg4 12. h3 Bh5 13. Re1 Re8 14.
Be3 Bc7 15. Qd2 a5 16. a4 Bb6 17. Bxb6 Qxb6 18. Nfd4 Bg6 19. Kh2 Red8 20.
Rad1 Kf8 21. h4 h6 22. Qf4 Kg8 23. Rd2 Kh8 24. Nb5 Rd7 25. Rde2 Ng8 26. Re8
Rxe8 27. Rxe8 Rd8 1-0

[Event "2nd Norway Blitz 2014"]
[Site "Flor & Fjaere NOR"]
[Date "2014.06.02"]
[Round "3.5"]
[White "Topalov, Veselin"]
[Black "Kramnik, Vladimir"]
[Result "1/2-1/2"]
[WhiteElo "2772"]
[BlackElo "2783"]
[EventDate "2014.06.02"]

1. e4 d5 2. Nc3 dxe4 3. Nxe4 Nf6 4. Nxf6+ exf6 5. d4 Bd6 6. Bd3 O-O 7. Ne2
Nc6 8. c3 f5 9. Qc2 Qf6 10. Bd2 h6 11. O-O-O a5 12. Ng3 Ne7 13. f3 a4 14.
Kb1 c5 15. dxc5 Bxc5 16. Rhe1 Rd8 17. Bf4 Be6 18. Be5 Qg6 19. Ne2 Nd5 20.
Nd4 Bxd4 21. Bxd4 Nb4 22. cxb4 Rxd4 23. g4 Rad8 24. gxf5 Bxf5 25. Bxf5
Rxd1+ 26. Rxd1 Rxd1+ 27. Qxd1 Qxf5+ 28. Ka1 Qe5 29. a3 b5 30. h4 g5 31. h5
Kg7 32. Qd3 Kf6 33. Qh7 Qe1+ 34. Ka2 Qe6+ 35. Ka1 Ke7 36. Qd3 Qe1+ 37. Ka2
Qe6+ 38. Ka1 f5 39. Qxb5 g4 40. fxg4 fxg4 41. Qb7+ Kf6 42. b5 Qe1+ 43. Ka2
Qe6+ 44. Ka1 Qe1+ 45. Ka2 Qe6+ 46. Ka1 Ke5 1/2-1/2

[Event "2nd Norway Blitz 2014"]
[Site "Flor & Fjaere NOR"]
[Date "2014.06.02"]
[Round "4.1"]
[White "Topalov, Veselin"]
[Black "Giri, Anish"]
[Result "1/2-1/2"]
[WhiteElo "2772"]
[BlackElo "2752"]
[EventDate "2014.06.02"]

1. e4 c5 2. Nf3 d6 3. d4 Nf6 4. Bb5+ Bd7 5. Bxd7+ Qxd7 6. dxc5 Nxe4 7. cxd6
Nxd6 8. Bf4 e6 9. O-O Be7 10. Qe2 Qc8 11. Rd1 Nf5 12. g4 Nh4 13. Nxh4 Bxh4
14. g5 O-O 15. Qg4 e5 16. Qxh4 exf4 17. Nc3 Qf5 18. Nd5 Nc6 19. Qxf4 Qxc2
20. b4 Rae8 21. b5 Ne5 22. Re1 Ng6 23. Qf3 Qd2 24. Ne3 Ne5 25. Qxb7 Nd3 26.
Rf1 Re5 27. h4 Nxf2 28. Nc4 Nh3+ 29. Kh1 Nf2+ 30. Kg2 Qe2 31. Nxe5 Ng4+ 32.
Kg3 Nxe5 33. Rae1 Qg4+ 34. Kh2 Qxh4+ 35. Kg1 Qg3+ 36. Kh1 Qh3+ 37. Kg1 Qg3+
38. Kh1 Qh3+ 1/2-1/2

[Event "2nd Norway Blitz 2014"]
[Site "Flor & Fjaere NOR"]
[Date "2014.06.02"]
[Round "4.2"]
[White "Karjakin, Sergey"]
[Black "Svidler, Peter"]
[Result "1/2-1/2"]
[WhiteElo "2771"]
[BlackElo "2753"]
[EventDate "2014.06.02"]

1. e4 c5 2. Nf3 e6 3. g3 Nc6 4. Bg2 Nf6 5. d3 g6 6. O-O Bg7 7. Re1 e5 8. c4
O-O 9. Nc3 d6 10. a3 a5 11. Nd2 Ne8 12. Nf1 f5 13. exf5 gxf5 14. Ne3 Be6
15. Ned5 Kh8 16. Rb1 Nc7 17. Bd2 Bxd5 18. Nxd5 Nxd5 19. Bxd5 a4 20. Bc3 Qd7
21. Qf3 Rae8 22. b3 e4 23. Bxc6 bxc6 24. dxe4 fxe4 25. Qe3 axb3 26. Rxb3
Qf7 27. Rd1 Bxc3 28. Rxc3 Qg6 29. Qc1 Rf6 30. a4 Ref8 31. Rc2 h5 32. h4 e3
33. fxe3 Rf3 34. Rg2 Rxg3 35. Qb2+ Kh7 36. Qb7+ Kh6 37. Qxc6 Rg8 38. Rxd6
Rxg2+ 39. Kf1 Rf8+ 40. Ke1 Rg1+ 41. Ke2 Rg2+ 42. Ke1 Rg1+ 43. Ke2 Rg2+ 44.
Ke1 1/2-1/2

[Event "2nd Norway Blitz 2014"]
[Site "Flor & Fjaere NOR"]
[Date "2014.06.02"]
[Round "4.3"]
[White "Carlsen, Magnus"]
[Black "Aronian, Levon"]
[Result "1/2-1/2"]
[WhiteElo "2881"]
[BlackElo "2815"]
[EventDate "2014.06.02"]

1. d4 Nf6 2. Nf3 d5 3. c4 e6 4. Nc3 Bb4 5. cxd5 exd5 6. Bg5 h6 7. Bh4 g5 8.
Bg3 Ne4 9. Nd2 Nxc3 10. bxc3 Bxc3 11. Rc1 Bb2 12. Rxc7 Na6 13. Rc2 Bxd4 14.
e3 Bg7 15. h4 Nb4 16. Rc7 O-O 17. hxg5 Qxg5 18. Bd6 Nc6 19. Bxf8 Kxf8 20.
Qf3 Be6 21. Rxb7 Rc8 22. Qf4 Qxf4 23. exf4 Nd4 24. Nb3 Nxb3 25. axb3 Rc2
26. Kd1 Rxf2 27. Be2 Rxf4 28. Rxa7 Rd4+ 29. Kc1 Rb4 30. Bh5 Bd4 31. Ra4
Be3+ 32. Kb2 Rb6 33. Be2 Bd7 34. Ra5 Be6 35. Rh5 Kg7 36. Raxd5 Bxd5 37.
Rxd5 Bf4 38. Bf3 Bd6 39. Kc3 Bb4+ 40. Kc4 Be7 41. Rd7 Kf6 42. Bd5 Rb4+ 43.
Kc3 Rb6 44. Rb7 Rxb7 1/2-1/2

[Event "2nd Norway Blitz 2014"]
[Site "Flor & Fjaere NOR"]
[Date "2014.06.02"]
[Round "4.4"]
[White "Kramnik, Vladimir"]
[Black "Caruana, Fabiano"]
[Result "1/2-1/2"]
[WhiteElo "2783"]
[BlackElo "2791"]
[EventDate "2014.06.02"]

1. c4 g6 2. g3 Bg7 3. Bg2 Nf6 4. Nc3 O-O 5. d3 c6 6. e4 d5 7. cxd5 cxd5 8.
exd5 Na6 9. Nge2 Nc7 10. Nf4 Rb8 11. O-O b5 12. Be3 a5 13. Ba7 Rb7 14. Bc5
b4 15. Na4 Ncxd5 16. Nxd5 Nxd5 17. Re1 Re8 18. Rc1 e6 19. d4 Rd7 20. Bxd5
Rxd5 21. Nb6 Bb7 22. Nxd5 Qxd5 23. f3 Qxa2 24. Ra1 Qxb2 25. Rxa5 b3 26. Qd3
Rd8 27. Rb1 Bxd4+ 28. Bxd4 Rxd4 29. Qxb3 Qxb3 30. Rxb3 Bd5 31. Re3 Rd2 32.
Ra1 Kg7 33. Rf1 g5 34. g4 Kg6 35. Rf2 Rd1+ 36. Kg2 h5 37. h3 hxg4 38. hxg4
f5 39. gxf5+ Kxf5 1/2-1/2

[Event "2nd Norway Blitz 2014"]
[Site "Flor & Fjaere NOR"]
[Date "2014.06.02"]
[Round "4.5"]
[White "Agdestein, Simen"]
[Black "Grischuk, Alexander"]
[Result "1/2-1/2"]
[WhiteElo "2628"]
[BlackElo "2792"]
[EventDate "2014.06.02"]

1. d4 Nf6 2. c4 g6 3. Nc3 d5 4. Nf3 Bg7 5. Qa4+ Bd7 6. Qb3 dxc4 7. Qxc4 O-O
8. Bf4 b5 9. Nxb5 c5 10. dxc5 Qa5+ 11. Nc3 Na6 12. Nd2 Nh5 13. Be3 Nb4 14.
Nb3 Nc2+ 15. Kd2 Nxe3 16. Nxa5 Nxc4+ 17. Nxc4 Rac8 18. b4 Rfd8 19. Kc2 Nf4
20. e3 Bf5+ 21. Kb3 Nd3 22. Rd1 Nxf2 23. Rxd8+ Rxd8 24. Rg1 Nd1 25. e4 Be6
26. Nd5 Bd4 27. Nxe7+ Kf8 28. Nc6 Bxg1 29. Nxd8 Bd7 30. c6 Ke7 31. cxd7
Kxd8 32. Ne5 f6 33. Nc6+ Kxd7 34. Nxa7 Bxa7 35. a4 Kd6 36. Be2 Nf2 37. Bf3
Nd3 38. Kc4 Ne5+ 39. Kb5 Be3 40. a5 Bd2 41. a6 Kc7 42. Kc5 Nd7+ 43. Kc4 Kb6
44. b5 Bf4 45. g3 Be5 46. Be2 Nc5 47. Kd5 Na4 48. Ke6 Nc5+ 49. Kd5 g5 50.
Bc4 Na4 51. Ke6 Nc3 52. Kf5 h5 53. Kg6 h4 54. gxh4 gxh4 55. h3 Nxe4 56. Kh5
Bg3 57. Bd3 Nd6 58. Kg6 Be5 59. Kh5 Bd4 60. Kxh4 Nxb5 61. Bxb5 Kxb5 62. Kg4
Kxa6 63. h4 Kb6 64. h5 Be3 65. Kf5 Bg5 66. h6 Bxh6 67. Kxf6 1/2-1/2

[Event "2nd Norway Blitz 2014"]
[Site "Flor & Fjaere NOR"]
[Date "2014.06.02"]
[Round "5.1"]
[White "Caruana, Fabiano"]
[Black "Karjakin, Sergey"]
[Result "0-1"]
[WhiteElo "2791"]
[BlackElo "2771"]
[EventDate "2014.06.02"]

1. Nf3 c5 2. g3 Nc6 3. Bg2 g6 4. O-O Bg7 5. e4 Nf6 6. Qe2 d5 7. d3 O-O 8.
e5 Ne8 9. h3 Nc7 10. c3 d4 11. Nbd2 dxc3 12. bxc3 Nd5 13. Bb2 h6 14. Rfd1
Qa5 15. Nb3 Qb6 16. c4 Nc7 17. Rab1 Ne6 18. d4 cxd4 19. Nbxd4 Qa5 20. Nxc6
bxc6 21. Nd4 Nxd4 22. Bxd4 Qa6 23. Bc5 Be6 24. Rbc1 Rfe8 25. Kh2 Rab8 26.
a3 Qa5 27. Bb4 Qc7 28. Bc3 Rb3 29. Qe4 Rxa3 30. Bb2 Ra2 31. Bd4 c5 32. Be3
Bxe5 33. h4 Rb8 34. h5 g5 35. Rc2 Rxc2 36. Qxc2 Kg7 37. Re1 Rb4 38. Bd2
Rxc4 39. Qd3 Rd4 40. Qe3 Bf6 41. Bc3 Rc4 42. Bxf6+ exf6 43. Rd1 a5 44. Bd5
Rd4 45. Rxd4 cxd4 0-1

[Event "2nd Norway Blitz 2014"]
[Site "Flor & Fjaere NOR"]
[Date "2014.06.02"]
[Round "5.2"]
[White "Giri, Anish"]
[Black "Kramnik, Vladimir"]
[Result "1-0"]
[WhiteElo "2752"]
[BlackElo "2783"]
[EventDate "2014.06.02"]

1. e4 d5 2. exd5 Qxd5 3. Nf3 c6 4. d4 Nf6 5. Be2 Bg4 6. h3 Bxf3 7. Bxf3
Qa5+ 8. c3 e6 9. Bf4 Qa6 10. Qb3 Nbd7 11. Nd2 Nd5 12. Bg3 Be7 13. Nc4 O-O
14. O-O b5 15. Nd2 N7b6 16. Rfe1 Qa4 17. Ne4 a5 18. Nc5 Qxb3 19. axb3 a4
20. bxa4 bxa4 21. Rec1 Ra7 22. Ra2 Rfa8 23. Rca1 Bxc5 24. dxc5 Nd7 25. Bd6
Ra5 26. b4 R5a7 27. Ra3 N7f6 28. Kf1 h5 29. Ke1 g6 30. Kd2 Kh7 31. Kd3 g5
32. g3 g4 33. hxg4 Nxg4 34. R1a2 Kg6 35. Bd1 f5 36. Ke2 e5 37. Ke1 e4 38.
Rxa4 Rxa4 39. Rxa4 Re8 40. Ra6 e3 41. fxe3 Ndxe3 42. Rxc6 Re6 43. b5 Nc4+
44. Be2 Na5 45. Ra6 Nb3 46. Bf8 Kf7 47. Rxe6 Kxe6 48. Bc4+ 1-0

[Event "2nd Norway Blitz 2014"]
[Site "Flor & Fjaere NOR"]
[Date "2014.06.02"]
[Round "5.3"]
[White "Grischuk, Alexander"]
[Black "Topalov, Veselin"]
[Result "1/2-1/2"]
[WhiteElo "2792"]
[BlackElo "2772"]
[EventDate "2014.06.02"]

1. e4 e5 2. Nf3 Nc6 3. Nc3 Nf6 4. Be2 d5 5. exd5 Nxd5 6. O-O Nxc3 7. bxc3
Bd6 8. d4 O-O 9. Re1 Bf5 10. Rb1 exd4 11. cxd4 Nb4 12. Rb2 Nd5 13. Bd3 Bxd3
14. Qxd3 b6 15. c4 Nf4 16. Bxf4 Bxf4 17. Rbe2 Qf6 18. g3 Bd6 19. Kg2 Rad8
20. Re4 g6 21. R1e3 c6 22. a4 Rd7 23. Qe2 Kg7 24. a5 Rfd8 25. axb6 axb6 26.
h4 h6 27. Nh2 Qf5 28. Rf3 Qa5 29. Nf1 Bf8 30. Qb2 Kg8 31. Ref4 Bg7 32. Ra3
Qe1 33. Rd3 Qa5 34. Ra3 Qe1 35. Ne3 Bxd4 36. Qc2 Qb4 37. Rd3 Qc5 38. Ng4 h5
39. Nh2 b5 40. Nf3 Bg7 41. Rxd7 Rxd7 42. Qe2 Re7 43. Qd3 bxc4 44. Rxc4 Qd5
45. Qxd5 cxd5 46. Rc8+ Bf8 47. Rd8 Kg7 48. Rxd5 1/2-1/2

[Event "2nd Norway Blitz 2014"]
[Site "Flor & Fjaere NOR"]
[Date "2014.06.02"]
[Round "5.4"]
[White "Aronian, Levon"]
[Black "Agdestein, Simen"]
[Result "1-0"]
[WhiteElo "2815"]
[BlackElo "2628"]
[EventDate "2014.06.02"]

1. d4 Nf6 2. c4 e6 3. Nf3 b6 4. g3 Ba6 5. Qc2 Bb4+ 6. Bd2 Bxd2+ 7. Nbxd2 c5
8. e4 O-O 9. e5 Ne8 10. Bd3 f5 11. d5 Bb7 12. O-O-O g6 13. h4 Ng7 14. Kb1
Na6 15. a3 Nc7 16. d6 Nce8 17. Rhe1 a6 18. Ng5 Bc6 19. Be2 Qb8 20. Bf3 Qb7
21. Rc1 Bxf3 22. Ngxf3 Nh5 23. Ka1 Neg7 24. Qd3 Qc6 25. Nb3 Rfc8 26. Nfd2
Rab8 27. Qf3 Qa4 28. Rc3 Qc6 29. Qxc6 Rxc6 30. Nc1 h6 31. Nf3 Rbc8 32. Nd3
Kf7 33. Rec1 a5 34. Rh1 Rb8 35. Rc2 a4 36. Nc1 b5 37. cxb5 Rxb5 38. Ne2 Rb3
39. Nc3 Ra6 40. Rd1 Ne8 41. Ka2 Rb8 42. Ne2 Ra5 43. Rc4 Nhg7 1-0

[Event "2nd Norway Blitz 2014"]
[Site "Flor & Fjaere NOR"]
[Date "2014.06.02"]
[Round "5.5"]
[White "Svidler, Peter"]
[Black "Carlsen, Magnus"]
[Result "0-1"]
[WhiteElo "2753"]
[BlackElo "2881"]
[EventDate "2014.06.02"]

1. c4 g6 2. e4 e5 3. d4 Nf6 4. Nf3 exd4 5. e5 Ne4 6. Qxd4 Bb4+ 7. Nbd2 Nxd2
8. Bxd2 Nc6 9. Qf4 Bxd2+ 10. Qxd2 Qe7 11. O-O-O b6 12. Bd3 Bb7 13. Be4
O-O-O 14. Rhe1 f6 15. exf6 Qxf6 16. Qg5 Qg7 17. h4 Rhe8 18. h5 Nb4 19.
Bxb7+ Kxb7 20. Rxe8 Rxe8 21. Qd2 Nc6 22. Qxd7 Qh6+ 23. Rd2 Rd8 24. Qg4 gxh5
25. Qg5 Qxg5 26. Nxg5 Rg8 27. f4 h4 28. Nxh7 Ne7 29. Rf2 Nf5 30. Ng5 Rd8
31. b3 Rd3 32. Nf3 Re3 33. Kd2 Re4 34. Ng5 Re3 35. Rf3 Re7 36. Rd3 a5 37.
Rd5 Ne3 0-1